LEADER 02991nam 2200565 450 001 9910817172303321 005 20180731044902.0 010 $a0-8218-7844-1 010 $a0-8218-5590-5 035 $a(CKB)3240000000069781 035 $a(EBL)3112913 035 $a(SSID)ssj0000850377 035 $a(PQKBManifestationID)11966544 035 $a(PQKBTitleCode)TC0000850377 035 $a(PQKBWorkID)10825323 035 $a(PQKB)11600600 035 $a(MiAaPQ)EBC3112913 035 $a(WaSeSS)Ind00039597 035 $a(RPAM)11869129 035 $a(PPN)197105807 035 $a(EXLCZ)993240000000069781 100 $a19991215h20002000 uy| 0 101 0 $aeng 135 $aur|n|---||||| 181 $ctxt 182 $cc 183 $acr 200 10$aq-series from a contemporary perspective $eAMS-IMS-SIAM Joint Summer Research Conference on q-Series, Combinatorics, and Computer Algebra, June 21-25, 1998, Mount Holyoke College, South Hadley, MA /$fMourad E.H. Ismail, Dennis W. Stanton, editors 210 1$aProvidence, Rhode Island :$cAmerican Mathematical Society,$d[2000] 210 4$d©2000 215 $a1 online resource (446 p.) 225 1 $aContemporary mathematics,$x0271-4132 ;$v254 300 $aDescription based upon print version of record. 311 $a0-8218-1150-9 320 $aIncludes bibliographical references. 327 $a""1.1. Definition""""1.2. Modified Halla???Littlewood polynomials for partition I?» = (1N)""; ""1.3. Hall-Littlewood polynomials and characters of the affine Lie algebra sl(n)""; ""1.4. Modified Hall-Littlewood polynomials and unipotent flag varieties""; ""1.5. Modified Halla???Littlewood polynomials and Demazure characters""; ""1.6. Modified Halla???Littlewood polynomials and chains of subgroupsin a finite abelian pa???group""; ""A?2. Generalized mahonian statistics""; ""2.1. Mahonian statistics on the set M(I??)""; ""2.2. Dual mahonian statistics""; ""2.3. Generalized mahonian statistics"" 327 $a""7.1. Multinomial fermionic formulae for one dimensional sums""""7.2. Rigged configurations polynomials""; ""A?8. Two parameter deformation of one dimensional sums""; ""References""; ""Schur function identities and the number of perfect matchings of Holey Aztec rectangles""; ""A new U(n) generalization of the Jacobi triple product identity""; ""A new quantum algebraic interpretation of the Askey-Wilson polynomials""; ""Some properties of Koornwinder polynomials""; ""A new multidimensional matrix inversion in Ar"" 410 0$aContemporary mathematics (American Mathematical Society) ;$v254. 606 $aq-series$vCongresses 615 0$aq-series 676 $a515/.243 702 $aIsmail$b Mourad$f1944- 702 $aStanton$b Dennis$g(Dennis W.), 801 0$bMiAaPQ 801 1$bMiAaPQ 801 2$bMiAaPQ 906 $aBOOK 912 $a9910817172303321 996 $aQ SERIES from a contemporary perspective$9374342 997 $aUNINA